000 00280nam a2200109Ia 4500
008 200302s9999 xx 000 0 und d
100 _aYu-Tung Liu
245 _aDeveloping digital architecture 2002 feidad award
260 _bBirkhauser Verlag Gmbh
260 _c2003
300 _a213
999 _c6753
_d6753